[Event "European School Championships"]
[Site "Rhodes, Greece"]
[Date "2022.04.22"]
[Round "2.2"]
[White "Stathatos, Alexandros"]
[Black "Hasanli, Ziya"]
[Result "1-0"]
[WhiteElo "1815"]
[BlackElo "1555"]
[PlyCount "49"]
[EventDate "2022.04.21"]
[EventRounds "9"]

1. e4 {[%emt 0:00:03]} c5 {[%emt 0:00:05]} 2. Nf3 {[%emt 0:00:05]} e6 {[%emt 0:
00:06]} 3. d4 {[%emt 0:00:04]} cxd4 {[%emt 0:00:04]} 4. Nxd4 {[%emt 0:00:06]}
Nf6 {[%emt 0:00:03]} 5. Nc3 {[%emt 0:00:27]} Nc6 {[%emt 0:00:06]} 6. Ndb5 {
[%emt 0:00:18]} Bb4 {[%emt 0:00:07]} 7. a3 {[%emt 0:00:05]} Bxc3+ {[%emt 0:00:
03]} 8. Nxc3 {[%emt 0:00:06]} d5 {[%emt 0:00:02]} 9. exd5 {[%emt 0:00:11]} exd5
{[%emt 0:00:09]} 10. Bd3 {[%emt 0:00:30]} O-O {[%emt 0:00:23]} 11. O-O {
[%emt 0:00:04]} d4 {[%emt 0:00:17]} 12. Ne2 {[%emt 0:00:31]} h6 {[%emt 0:08:45]
} 13. h3 {[%emt 0:00:59]} Re8 {[%emt 0:01:35]} 14. b4 {[%emt 0:11:19]} Ne5 {
[%emt 0:24:18]} 15. Bb2 {[%emt 0:24:03]} Bxh3 {[%emt 0:12:23]} 16. gxh3 {
[%emt 0:06:46]} Nf3+ {[%emt 0:00:19]} 17. Kh1 {[%emt 0:00:07]} Qd5 {[%emt 0:00:
17]} 18. Nf4 {[%emt 0:00:11]} Qc6 {[%emt 0:00:11]} 19. b5 {[%emt 0:00:11]} Qd7
{[%emt 0:04:58]} 20. Qxf3 {[%emt 0:00:09]} g5 {[%emt 0:00:16]} 21. Nh5 {
[%emt 0:02:36]} Nxh5 {[%emt 0:00:33]} 22. Qxh5 {[%emt 0:00:07]} Qd5+ {[%emt 0:
00:05]} 23. Kh2 {[%emt 0:00:29]} Qe5+ {[%emt 0:00:17]} 24. Kg2 {[%emt 0:00:15]}
Qd5+ {[%emt 0:00:19]} 25. Qf3 {[%emt 0:00:40]} 1-0

[Event "European School Championships"]
[Site "Rhodes, Greece"]
[Date "2022.04.22"]
[Round "2.3"]
[White "Sakmak, Kutay"]
[Black "Keber, Aljosa"]
[Result "1-0"]
[WhiteElo "1718"]
[BlackElo "1511"]
[PlyCount "103"]
[EventDate "2022.04.21"]
[EventRounds "9"]

1. e4 {[%emt 0:00:02]} c5 {[%emt 0:00:07]} 2. Nf3 {[%emt 0:00:09]} Nc6 {
[%emt 0:00:04]} 3. d4 {[%emt 0:00:06]} cxd4 {[%emt 0:00:05]} 4. Nxd4 {[%emt 0:
00:04]} g6 {[%emt 0:00:09]} 5. Nc3 {[%emt 0:00:17]} Bg7 {[%emt 0:00:06]} 6. Be3
{[%emt 0:00:04]} Nf6 {[%emt 0:00:05]} 7. Bc4 {[%emt 0:00:08]} O-O {[%emt 0:00:
09]} 8. Bb3 {[%emt 0:00:14]} d6 {[%emt 0:00:13]} 9. f3 {[%emt 0:00:34]} Bd7 {
[%emt 0:00:40]} 10. O-O {[%emt 0:01:45]} Nxd4 {[%emt 0:03:18]} 11. Bxd4 {
[%emt 0:00:16]} b5 {[%emt 0:02:15]} 12. Re1 {[%emt 0:11:21]} Ne8 {[%emt 0:10:
38]} 13. Bd5 {[%emt 0:08:47]} Rc8 {[%emt 0:03:19]} 14. Bxa7 {[%emt 0:13:26]} b4
{[%emt 0:08:49]} 15. Ne2 {[%emt 0:00:09]} Bxb2 {[%emt 0:03:25]} 16. Rb1 {
[%emt 0:00:11]} Qc7 {[%emt 0:00:47]} 17. Be3 {[%emt 0:04:28]} Bc3 {[%emt 0:02:
48]} 18. Nxc3 {[%emt 0:00:35]} Qxc3 {[%emt 0:00:59]} 19. Bd4 {[%emt 0:01:54]}
Qa3 {[%emt 0:08:27]} 20. Qd2 {[%emt 0:08:27]} Nc7 {[%emt 0:04:46]} 21. Bb7 {
[%emt 0:05:05]} Rb8 {[%emt 0:01:02]} 22. Rxb4 {[%emt 0:04:27]} Nb5 {[%emt 0:09:
00]} 23. Bd5 {[%emt 0:05:01]} Nxd4 {[%emt 0:00:38]} 24. Rxd4 {[%emt 0:00:05]}
Qc5 {[%emt 0:03:09]} 25. Kh1 {[%emt 0:02:00]} Bb5 {[%emt 0:01:05]} 26. Bb3 {
[%emt 0:03:20]} Rfc8 {[%emt 0:01:46]} 27. h3 {[%emt 0:06:43]} Rc7 {[%emt 0:01:
21]} 28. e5 {[%emt 0:01:25]} dxe5 {[%emt 0:03:39]} 29. Rd5 {[%emt 0:00:24]} Qc3
{[%emt 0:02:22]} 30. Qxc3 {[%emt 0:00:24]} Rxc3 {[%emt 0:00:01]} 31. Rexe5 {
[%emt 0:00:22]} Bc6 {[%emt 0:02:24]} 32. Rc5 {[%emt 0:00:49]} Rxc5 {[%emt 0:00:
12]} 33. Rxc5 {[%emt 0:00:03]} Rb6 {[%emt 0:00:28]} 34. a4 {[%emt 0:00:23]} Be8
{[%emt 0:01:13]} 35. Rc8 {[%emt 0:00:26]} Kf8 {[%emt 0:00:10]} 36. a5 {[%emt 0:
00:48]} Ra6 {[%emt 0:00:13]} 37. Ba4 {[%emt 0:00:09]} Rxa5 {[%emt 0:00:09]} 38.
Rxe8+ {[%emt 0:00:11]} Kg7 {[%emt 0:00:06]} 39. Bb3 {[%emt 0:00:06]} e6 {
[%emt 0:00:05]} 40. Rb8 {[%emt 0:00:05]} Ra7 {[%emt 0:00:07]} 41. Kg1 {[%emt 0:
00:15]} Kf6 {[%emt 0:00:09]} 42. Kf2 {[%emt 0:00:06]} Ke5 {[%emt 0:00:12]} 43.
Ke3 {[%emt 0:00:09]} Rd7 {[%emt 0:00:14]} 44. f4+ {[%emt 0:00:32]} Kd6 {
[%emt 0:00:12]} 45. g4 {[%emt 0:00:17]} f5 {[%emt 0:00:45]} 46. Rb6+ {[%emt 0:
00:09]} Kc5 {[%emt 0:00:22]} 47. Rxe6 {[%emt 0:00:05]} fxg4 {[%emt 0:00:27]}
48. hxg4 {[%emt 0:00:29]} g5 {[%emt 0:02:26]} 49. f5 {[%emt 0:00:13]} Rd1 {
[%emt 0:00:40]} 50. f6 {[%emt 0:00:52]} Re1+ {[%emt 0:00:13]} 51. Kf2 {[%emt 0:
00:08]} Rxe6 {[%emt 0:00:20]} 52. Bxe6 {[%emt 0:00:05]} 1-0

[Event "European School Championships"]
[Site "Rhodes, Greece"]
[Date "2022.04.22"]
[Round "2.4"]
[White "Morrison, Joseph"]
[Black "Gurer, Oguz Kagan"]
[Result "0-1"]
[WhiteElo "1328"]
[BlackElo "1690"]
[PlyCount "64"]
[EventDate "2022.04.21"]
[EventRounds "9"]

1. c4 {[%emt 0:00:03]} e5 {[%emt 0:00:07]} 2. Nc3 {[%emt 0:00:08]} Nf6 {
[%emt 0:00:04]} 3. g3 {[%emt 0:00:05]} d5 {[%emt 0:00:03]} 4. cxd5 {[%emt 0:00:
47]} Nxd5 {[%emt 0:00:02]} 5. Bg2 {[%emt 0:00:48]} Nb6 {[%emt 0:00:02]} 6. d3 {
[%emt 0:01:21]} Be7 {[%emt 0:00:08]} 7. Nf3 {[%emt 0:00:46]} Nc6 {[%emt 0:00:
02]} 8. O-O {[%emt 0:00:58]} Be6 {[%emt 0:00:09]} 9. a3 {[%emt 0:03:58]} O-O {
[%emt 0:00:40]} 10. b4 {[%emt 0:00:18]} a6 {[%emt 0:00:07]} 11. Bb2 {[%emt 0:
02:52]} f5 {[%emt 0:02:23]} 12. b5 {[%emt 0:09:51]} axb5 {[%emt 0:16:33]} 13.
Nxb5 {[%emt 0:00:08]} Qd7 {[%emt 0:03:00]} 14. a4 {[%emt 0:07:54]} Bf6 {
[%emt 0:09:12]} 15. d4 {[%emt 0:16:31]} e4 {[%emt 0:11:57]} 16. Ne5 {[%emt 0:
01:43]} Bxe5 {[%emt 0:02:55]} 17. dxe5 {[%emt 0:00:22]} Rfd8 {[%emt 0:02:13]}
18. Qxd7 {[%emt 0:09:26]} Rxd7 {[%emt 0:00:37]} 19. Rfd1 {[%emt 0:00:34]} Rad8
{[%emt 0:02:40]} 20. Rxd7 {[%emt 0:01:23]} Rxd7 {[%emt 0:02:16]} 21. f4 {
[%emt 0:07:54]} Nc4 {[%emt 0:03:56]} 22. Bc3 {[%emt 0:01:55]} Ne3 {[%emt 0:01:
23]} 23. a5 {[%emt 0:03:13]} Bc4 {[%emt 0:04:29]} 24. Na3 {[%emt 0:01:49]} Bxe2
{[%emt 0:01:29]} 25. Bxe4 {[%emt 0:05:38]} fxe4 {[%emt 0:00:19]} 26. Re1 {
[%emt 0:00:07]} Rd3 {[%emt 0:00:07]} 27. Nb5 {[%emt 0:02:05]} Rd1 {[%emt 0:01:
07]} 28. Nxc7 {[%emt 0:01:33]} Rxe1+ {[%emt 0:00:42]} 29. Bxe1 {[%emt 0:00:01]}
Bc4 {[%emt 0:00:17]} 30. Bd2 {[%emt 0:03:47]} Nf5 {[%emt 0:01:59]} 31. g4 {
[%emt 0:00:27]} Nfd4 {[%emt 0:00:13]} 32. Kf2 {[%emt 0:00:09]} Nb3 {[%emt 0:00:
20]} 0-1

[Event "European School Championships"]
[Site "Rhodes, Greece"]
[Date "2022.04.22"]
[Round "2.5"]
[White "Hobson, Kenneth"]
[Black "Kostov, Troyan"]
[Result "1-0"]
[WhiteElo "1674"]
[BlackElo "1439"]
[PlyCount "77"]
[EventDate "2022.04.21"]
[EventRounds "9"]

1. e4 {[%emt 0:00:05]} e5 {[%emt 0:00:06]} 2. Nf3 {[%emt 0:00:07]} Nc6 {
[%emt 0:00:04]} 3. Nc3 {[%emt 0:00:25]} Nf6 {[%emt 0:00:06]} 4. Bb5 {[%emt 0:
00:07]} a6 {[%emt 0:00:39]} 5. Bxc6 {[%emt 0:00:39]} dxc6 {[%emt 0:00:18]} 6.
Nxe5 {[%emt 0:00:12]} Qe7 {[%emt 0:01:07]} 7. d4 {[%emt 0:01:17]} c5 {[%emt 0:
01:11]} 8. Nf3 {[%emt 0:02:48]} Nxe4 {[%emt 0:02:27]} 9. O-O {[%emt 0:00:40]}
Nxc3 {[%emt 0:02:28]} 10. bxc3 {[%emt 0:00:07]} Qd6 {[%emt 0:01:54]} 11. Ba3 {
[%emt 0:12:09]} b6 {[%emt 0:03:50]} 12. Ne5 {[%emt 0:02:35]} Be7 {[%emt 0:02:
50]} 13. Qf3 {[%emt 0:00:34]} Rb8 {[%emt 0:04:58]} 14. Nxf7 {[%emt 0:03:39]}
Qf6 {[%emt 0:02:13]} 15. Qxf6 {[%emt 0:00:23]} Bxf6 {[%emt 0:00:08]} 16. Nxh8 {
[%emt 0:00:05]} Kf8 {[%emt 0:01:19]} 17. dxc5 {[%emt 0:01:23]} bxc5 {[%emt 0:
00:22]} 18. Bxc5+ {[%emt 0:00:43]} Kg8 {[%emt 0:00:09]} 19. Rab1 {[%emt 0:00:
41]} Ra8 {[%emt 0:01:17]} 20. Rfe1 {[%emt 0:01:48]} Bf5 {[%emt 0:00:19]} 21.
Bd4 {[%emt 0:01:27]} Bxd4 {[%emt 0:01:39]} 22. cxd4 {[%emt 0:00:13]} Bxc2 {
[%emt 0:01:08]} 23. Rbc1 {[%emt 0:00:39]} Bf5 {[%emt 0:01:11]} 24. Rxc7 {
[%emt 0:00:49]} Kxh8 {[%emt 0:00:19]} 25. Rce7 {[%emt 0:00:10]} Bg6 {[%emt 0:
00:21]} 26. d5 {[%emt 0:00:16]} Rd8 {[%emt 0:00:17]} 27. d6 {[%emt 0:00:10]}
Kg8 {[%emt 0:00:28]} 28. d7 {[%emt 0:00:43]} Kf8 {[%emt 0:00:03]} 29. g4 {
[%emt 0:00:44]} Bf7 {[%emt 0:01:10]} 30. f4 {[%emt 0:01:08]} h6 {[%emt 0:01:10]
} 31. a4 {[%emt 0:00:43]} a5 {[%emt 0:00:16]} 32. f5 {[%emt 0:01:39]} Rb8 {
[%emt 0:00:19]} 33. R7e5 {[%emt 0:01:12]} Rd8 {[%emt 0:00:47]} 34. Rxa5 {
[%emt 0:00:26]} Rxd7 {[%emt 0:00:13]} 35. Ra8+ {[%emt 0:00:07]} Be8 {[%emt 0:
01:32]} 36. Rexe8+ {[%emt 0:00:06]} Kf7 {[%emt 0:00:04]} 37. Rf8+ {[%emt 0:00:
20]} Ke7 {[%emt 0:00:12]} 38. Rae8+ {[%emt 0:00:07]} Kd6 {[%emt 0:00:23]} 39.
Rd8 {[%emt 0:00:17]} 1-0

[Event "European School Championships"]
[Site "Rhodes, Greece"]
[Date "2022.04.22"]
[Round "2.6"]
[White "Deliezos, Anastasios"]
[Black "Sozat, Arda"]
[Result "0-1"]
[WhiteElo "1228"]
[BlackElo "1591"]
[PlyCount "72"]
[EventDate "2022.04.21"]
[EventRounds "9"]

1. d4 {[%emt 0:00:01]} Nf6 {[%emt 0:00:04]} 2. Nf3 {[%emt 0:00:16]} d5 {
[%emt 0:00:05]} 3. Bf4 {[%emt 0:00:30]} c5 {[%emt 0:00:09]} 4. e3 {[%emt 0:00:
29]} Nc6 {[%emt 0:00:07]} 5. Nc3 {[%emt 0:00:50]} a6 {[%emt 0:02:23]} 6. Ne5 {
[%emt 0:02:36]} e6 {[%emt 0:05:56]} 7. Be2 {[%emt 0:01:18]} cxd4 {[%emt 0:00:
44]} 8. exd4 {[%emt 0:01:09]} Qb6 {[%emt 0:00:16]} 9. Nxc6 {[%emt 0:00:55]}
bxc6 {[%emt 0:00:26]} 10. Na4 {[%emt 0:01:09]} Qa5+ {[%emt 0:00:46]} 11. c3 {
[%emt 0:00:43]} Bd7 {[%emt 0:03:08]} 12. Qb3 {[%emt 0:03:21]} Rd8 {[%emt 0:19:
33]} 13. Nb6 {[%emt 0:03:54]} c5 {[%emt 0:02:43]} 14. Bc7 {[%emt 0:05:58]} c4 {
[%emt 0:00:40]} 15. Qc2 {[%emt 0:01:51]} Rc8 {[%emt 0:01:11]} 16. Nxc8 {
[%emt 0:01:34]} Qxc7 {[%emt 0:00:16]} 17. O-O {[%emt 0:01:05]} Qxc8 {[%emt 0:
00:12]} 18. b3 {[%emt 0:01:22]} Bd6 {[%emt 0:01:50]} 19. Bf3 {[%emt 0:02:38]}
O-O {[%emt 0:01:19]} 20. Rfe1 {[%emt 0:03:28]} Qc7 {[%emt 0:00:28]} 21. h3 {
[%emt 0:01:04]} Rc8 {[%emt 0:00:11]} 22. b4 {[%emt 0:00:51]} a5 {[%emt 0:02:09]
} 23. a3 {[%emt 0:02:03]} e5 {[%emt 0:08:17]} 24. dxe5 {[%emt 0:03:13]} Bxe5 {
[%emt 0:00:07]} 25. Rad1 {[%emt 0:00:43]} axb4 {[%emt 0:00:42]} 26. axb4 {
[%emt 0:00:25]} Be6 {[%emt 0:01:06]} 27. Qb2 {[%emt 0:03:16]} g6 {[%emt 0:02:
59]} 28. Re2 {[%emt 0:03:02]} Bf5 {[%emt 0:02:42]} 29. Rde1 {[%emt 0:03:02]}
Re8 {[%emt 0:02:19]} 30. b5 {[%emt 0:02:49]} Bd3 {[%emt 0:00:48]} 31. Re3 {
[%emt 0:00:13]} Ne4 {[%emt 0:00:36]} 32. Bxe4 {[%emt 0:01:08]} dxe4 {[%emt 0:
00:10]} 33. Ra1 {[%emt 0:00:45]} Rb8 {[%emt 0:03:18]} 34. Qb4 {[%emt 0:05:06]}
Qb6 {[%emt 0:00:56]} 35. Ra5 {[%emt 0:03:25]} Bd6 {[%emt 0:00:26]} 36. Qa4 {
[%emt 0:00:24]} Bc5 {[%emt 0:00:19]} 0-1

[Event "European School Championships"]
[Site "Rhodes, Greece"]
[Date "2022.04.23"]
[Round "3.1"]
[White "Morkunas, Gustas"]
[Black "Hobson, Kenneth"]
[Result "1/2-1/2"]
[WhiteElo "1938"]
[BlackElo "1674"]
[PlyCount "71"]
[EventDate "2022.04.21"]
[EventRounds "9"]

1. e4 {[%emt 0:00:04]} e5 {[%emt 0:00:06]} 2. Nf3 {[%emt 0:00:06]} Nc6 {
[%emt 0:00:06]} 3. Bb5 {[%emt 0:00:11]} a6 {[%emt 0:00:09]} 4. Ba4 {[%emt 0:00:
05]} Nf6 {[%emt 0:00:07]} 5. d3 {[%emt 0:00:18]} b5 {[%emt 0:00:23]} 6. Bb3 {
[%emt 0:00:15]} Bc5 {[%emt 0:00:13]} 7. c3 {[%emt 0:00:33]} d6 {[%emt 0:00:07]}
8. Bg5 {[%emt 0:00:57]} h6 {[%emt 0:00:48]} 9. Bh4 {[%emt 0:00:08]} Bb6 {
[%emt 0:00:44]} 10. Nbd2 {[%emt 0:01:08]} Be6 {[%emt 0:05:25]} 11. O-O {
[%emt 0:06:37]} g5 {[%emt 0:04:03]} 12. Bg3 {[%emt 0:01:02]} h5 {[%emt 0:03:23]
} 13. Bxe6 {[%emt 0:12:27]} fxe6 {[%emt 0:00:09]} 14. h4 {[%emt 0:00:27]} g4 {
[%emt 0:01:19]} 15. Ng5 {[%emt 0:02:17]} Nh7 {[%emt 0:08:26]} 16. Nxh7 {
[%emt 0:02:36]} Rxh7 {[%emt 0:00:30]} 17. Kh2 {[%emt 0:10:18]} Qd7 {[%emt 0:04:
14]} 18. a4 {[%emt 0:06:55]} b4 {[%emt 0:08:03]} 19. f4 {[%emt 0:10:17]} O-O-O
{[%emt 0:04:21]} 20. Qe2 {[%emt 0:06:56]} Rf7 {[%emt 0:06:03]} 21. Nc4 {
[%emt 0:05:24]} exf4 {[%emt 0:09:21]} 22. Bxf4 {[%emt 0:03:32]} Ba7 {[%emt 0:
03:24]} 23. d4 {[%emt 0:04:34]} Rdf8 {[%emt 0:01:57]} 24. Bg3 {[%emt 0:03:37]}
Qe7 {[%emt 0:07:00]} 25. Rxf7 {[%emt 0:04:38]} Rxf7 {[%emt 0:02:05]} 26. Rf1 {
[%emt 0:02:54]} Rxf1 {[%emt 0:06:17]} 27. Qxf1 {[%emt 0:00:05]} bxc3 {[%emt 0:
00:38]} 28. bxc3 {[%emt 0:00:16]} e5 {[%emt 0:01:14]} 29. d5 {[%emt 0:07:26]}
Nb8 {[%emt 0:00:35]} 30. Na5 {[%emt 0:00:22]} Be3 {[%emt 0:11:25]} 31. Nc6 {
[%emt 0:03:47]} Qe8 {[%emt 0:02:07]} 32. Nxb8 {[%emt 0:03:16]} Kxb8 {[%emt 0:
00:05]} 33. Qxa6 {[%emt 0:02:10]} Qf7 {[%emt 0:00:18]} 34. Qe2 {[%emt 0:00:32]}
Bf4 {[%emt 0:00:24]} 35. Qf2 {[%emt 0:00:25]} Bxg3+ {[%emt 0:03:57]} 36. Kxg3 {
[%emt 0:00:58]} 1/2-1/2

[Event "European School Championships"]
[Site "Rhodes, Greece"]
[Date "2022.04.23"]
[Round "3.2"]
[White "Gurer, Oguz Kagan"]
[Black "Stathatos, Alexandros"]
[Result "1-0"]
[WhiteElo "1690"]
[BlackElo "1815"]
[PlyCount "105"]
[EventDate "2022.04.21"]
[EventRounds "9"]

1. e4 c5 {[%emt 0:00:09]} 2. Nf3 {[%emt 0:00:11]} Nc6 {[%emt 0:00:04]} 3. Bb5 {
[%emt 0:00:04]} g6 {[%emt 0:00:32]} 4. O-O {[%emt 0:00:09]} Bg7 {[%emt 0:00:04]
} 5. c3 {[%emt 0:00:11]} Nf6 {[%emt 0:01:28]} 6. Re1 {[%emt 0:00:21]} O-O {
[%emt 0:00:50]} 7. d4 {[%emt 0:00:04]} cxd4 {[%emt 0:00:11]} 8. cxd4 {[%emt 0:
00:02]} d5 {[%emt 0:00:26]} 9. e5 {[%emt 0:00:05]} Ne4 {[%emt 0:00:26]} 10.
Bxc6 {[%emt 0:00:13]} bxc6 {[%emt 0:00:01]} 11. Be3 Qb6 {[%emt 0:08:26]} 12.
Qc1 {[%emt 0:00:06]} Rb8 {[%emt 0:01:39]} 13. b3 {[%emt 0:02:06]} Bd7 {[%emt 0:
16:52]} 14. Nc3 {[%emt 0:00:58]} Nxc3 {[%emt 0:01:46]} 15. Qxc3 {[%emt 0:01:55]
} Rfc8 {[%emt 0:03:50]} 16. Rec1 {[%emt 0:00:42]} Qb4 {[%emt 0:09:01]} 17. Qc5
{[%emt 0:10:43]} Qxc5 {[%emt 0:07:16]} 18. Rxc5 {[%emt 0:00:48]} Rb5 {[%emt 0:
01:33]} 19. Rac1 {[%emt 0:01:16]} Rcb8 {[%emt 0:01:00]} 20. h3 {[%emt 0:09:33]}
Rxc5 {[%emt 0:05:40]} 21. Rc2 {[%emt 0:00:02]} Rc4 22. Rxc4 Rb5 {[%emt 0:00:22]
} 23. Rc3 {[%emt 0:01:38]} f6 {[%emt 0:03:08]} 24. e6 {[%emt 0:00:46]} Bxe6 {
[%emt 0:05:58]} 25. Rxc6 {[%emt 0:00:13]} Kf7 {[%emt 0:00:12]} 26. Ne1 {
[%emt 0:01:49]} Bf5 {[%emt 0:02:34]} 27. g4 {[%emt 0:00:43]} Bb1 {[%emt 0:00:
18]} 28. Ra6 {[%emt 0:00:06]} Rb7 {[%emt 0:00:15]} 29. Kf1 {[%emt 0:00:04]} Bf8
{[%emt 0:01:44]} 30. Ke2 {[%emt 0:04:10]} e6 {[%emt 0:03:31]} 31. Nd3 {[%emt 0:
06:44]} Bxd3+ {[%emt 0:07:34]} 32. Kxd3 {[%emt 0:00:02]} Ke7 {[%emt 0:00:17]}
33. Bf4 {[%emt 0:11:24]} Kd7 {[%emt 0:00:55]} 34. Kc3 {[%emt 0:03:19]} Bg7 {
[%emt 0:03:56]} 35. Bb8 {[%emt 0:07:51]} Rxb8 {[%emt 0:02:55]} 36. Rxa7+ {
[%emt 0:00:01]} Kd6 37. Rxg7 {[%emt 0:00:02]} Rc8+ {[%emt 0:00:13]} 38. Kd2 {
[%emt 0:00:42]} e5 {[%emt 0:02:16]} 39. dxe5+ {[%emt 0:03:42]} fxe5 {[%emt 0:
00:02]} 40. Rxh7 Rf8 {[%emt 0:00:39]} 41. Ke2 {[%emt 0:01:47]} Ra8 {[%emt 0:00:
04]} 42. a4 {[%emt 0:01:17]} Rb8 {[%emt 0:00:04]} 43. Rh6 {[%emt 0:00:31]} Rxb3
{[%emt 0:00:10]} 44. Rxg6+ Kc5 {[%emt 0:00:08]} 45. h4 {[%emt 0:01:54]} e4 {
[%emt 0:00:51]} 46. h5 {[%emt 0:00:31]} d4 {[%emt 0:00:15]} 47. h6 {[%emt 0:00:
55]} Rb2+ {[%emt 0:01:57]} 48. Ke1 {[%emt 0:00:52]} Rb1+ {[%emt 0:00:04]} 49.
Kd2 {[%emt 0:01:11]} Rb2+ {[%emt 0:00:04]} 50. Kc1 {[%emt 0:00:03]} Rxf2 {
[%emt 0:00:04]} 51. h7 {[%emt 0:02:01]} Rh2 {[%emt 0:00:21]} 52. Rg5+ {[%emt 0:
00:05]} Kc4 {[%emt 0:00:08]} 53. Rh5 {[%emt 0:00:04]} 1-0

[Event "European School Championships"]
[Site "Rhodes, Greece"]
[Date "2022.04.23"]
[Round "3.3"]
[White "Sozat, Arda"]
[Black "Sakmak, Kutay"]
[Result "1/2-1/2"]
[WhiteElo "1591"]
[BlackElo "1718"]
[PlyCount "78"]
[EventDate "2022.04.21"]
[EventRounds "9"]

1. e4 {[%emt 0:00:05]} c5 {[%emt 0:00:18]} 2. Nf3 {[%emt 0:00:06]} e6 {[%emt 0:
00:05]} 3. c4 {[%emt 0:00:04]} Nc6 {[%emt 0:00:20]} 4. d4 {[%emt 0:00:06]} cxd4
{[%emt 0:00:18]} 5. Nxd4 {[%emt 0:00:02]} Nf6 {[%emt 0:00:23]} 6. Nc3 {[%emt 0:
00:06]} Bb4 {[%emt 0:00:24]} 7. Nxc6 {[%emt 0:00:06]} bxc6 {[%emt 0:00:05]} 8.
Bd3 {[%emt 0:00:04]} e5 {[%emt 0:00:31]} 9. O-O {[%emt 0:00:11]} O-O {[%emt 0:
00:08]} 10. Be3 {[%emt 0:06:05]} d6 {[%emt 0:07:33]} 11. Na4 {[%emt 0:00:14]}
Ba5 {[%emt 0:07:06]} 12. a3 {[%emt 0:01:26]} Be6 {[%emt 0:09:09]} 13. b4 {
[%emt 0:00:20]} Bc7 {[%emt 0:00:03]} 14. f3 {[%emt 0:03:17]} d5 {[%emt 0:05:48]
} 15. Bc5 {[%emt 0:08:54]} dxe4 {[%emt 0:12:57]} 16. fxe4 {[%emt 0:10:26]} Bd6
{[%emt 0:00:28]} 17. Qc2 {[%emt 0:03:03]} Bxc5+ {[%emt 0:02:32]} 18. Nxc5 {
[%emt 0:00:18]} Ng4 {[%emt 0:04:10]} 19. Nxe6 {[%emt 0:00:36]} fxe6 {[%emt 0:
00:05]} 20. Rxf8+ {[%emt 0:00:10]} Kxf8 {[%emt 0:00:28]} 21. Rf1+ {[%emt 0:01:
04]} Kg8 {[%emt 0:02:57]} 22. Qe2 {[%emt 0:01:03]} Qd4+ {[%emt 0:01:11]} 23.
Kh1 {[%emt 0:00:08]} Nf6 {[%emt 0:00:15]} 24. Rd1 {[%emt 0:02:53]} Qc3 {
[%emt 0:01:23]} 25. g4 {[%emt 0:02:37]} h6 {[%emt 0:01:37]} 26. h4 {[%emt 0:00:
36]} Rd8 {[%emt 0:03:20]} 27. g5 {[%emt 0:00:36]} hxg5 {[%emt 0:00:05]} 28.
hxg5 {[%emt 0:00:06]} Nh7 {[%emt 0:00:11]} 29. Qg4 {[%emt 0:03:45]} Nxg5 {
[%emt 0:00:59]} 30. Qxg5 {[%emt 0:00:15]} Rxd3 {[%emt 0:00:05]} 31. Rxd3 {
[%emt 0:00:20]} Qxd3 {[%emt 0:00:06]} 32. Qxe5 {[%emt 0:00:10]} Qf1+ {[%emt 0:
00:59]} 33. Kh2 {[%emt 0:00:12]} Qxc4 {[%emt 0:00:04]} 34. Qh5 {[%emt 0:05:09]}
Qc2+ {[%emt 0:00:45]} 35. Kg3 {[%emt 0:00:55]} Qc3+ {[%emt 0:00:11]} 36. Kg4 {
[%emt 0:02:52]} Kf8 {[%emt 0:02:59]} 37. Qh8+ {[%emt 0:00:28]} Ke7 {[%emt 0:01:
20]} 38. Qc8 {[%emt 0:02:56]} Qxa3 {[%emt 0:08:36]} 39. Qc7+ {[%emt 0:02:01]}
Kf6 {[%emt 0:04:01]} 1/2-1/2

[Event "European School Championships"]
[Site "Rhodes, Greece"]
[Date "2022.04.23"]
[Round "3.4"]
[White "Dasgupta, Avyukt"]
[Black "Ball, Charlie"]
[Result "1-0"]
[WhiteElo "1748"]
[BlackElo "1272"]
[PlyCount "83"]
[EventDate "2022.04.21"]
[EventRounds "9"]

1. b4 {[%emt 0:00:03]} d5 {[%emt 0:00:11]} 2. Bb2 {[%emt 0:00:07]} Bf5 {
[%emt 0:00:18]} 3. e3 {[%emt 0:00:09]} e6 {[%emt 0:00:08]} 4. b5 {[%emt 0:00:
27]} Nd7 {[%emt 0:01:00]} 5. Nf3 {[%emt 0:00:08]} Ngf6 {[%emt 0:00:55]} 6. Be2
{[%emt 0:00:41]} Bd6 {[%emt 0:02:31]} 7. O-O {[%emt 0:00:39]} O-O {[%emt 0:06:
13]} 8. d4 {[%emt 0:01:08]} Ne4 {[%emt 0:02:11]} 9. c4 {[%emt 0:11:38]} c6 {
[%emt 0:04:20]} 10. c5 {[%emt 0:03:52]} Bc7 {[%emt 0:00:32]} 11. Nbd2 {[%emt 0:
03:07]} Ndf6 {[%emt 0:02:00]} 12. Nxe4 {[%emt 0:10:21]} Nxe4 {[%emt 0:00:23]}
13. Nd2 {[%emt 0:04:25]} Qg5 {[%emt 0:08:29]} 14. Nxe4 {[%emt 0:05:30]} Bxe4 {
[%emt 0:00:52]} 15. g3 {[%emt 0:01:01]} Qh6 {[%emt 0:04:04]} 16. a4 {[%emt 0:
00:43]} Qh3 {[%emt 0:00:45]} 17. Bf3 {[%emt 0:00:16]} Bxf3 {[%emt 0:01:13]} 18.
Qxf3 {[%emt 0:00:04]} h5 {[%emt 0:01:59]} 19. Bc3 {[%emt 0:09:25]} h4 {[%emt 0:
12:26]} 20. Rfb1 {[%emt 0:02:09]} hxg3 {[%emt 0:01:09]} 21. hxg3 {[%emt 0:00:
13]} f5 {[%emt 0:05:21]} 22. Qg2 {[%emt 0:04:27]} Qg4 {[%emt 0:02:56]} 23. bxc6
{[%emt 0:00:55]} bxc6 {[%emt 0:00:21]} 24. Rb7 {[%emt 0:00:06]} Rfc8 {[%emt 0:
00:35]} 25. Rab1 {[%emt 0:06:01]} Rab8 {[%emt 0:00:35]} 26. a5 {[%emt 0:05:18]}
a6 {[%emt 0:00:36]} 27. Rxb8 {[%emt 0:04:40]} Rxb8 {[%emt 0:00:49]} 28. Rxb8+ {
[%emt 0:00:08]} Bxb8 {[%emt 0:00:07]} 29. Qf1 {[%emt 0:00:07]} Kh7 {[%emt 0:02:
49]} 30. Qxa6 {[%emt 0:04:53]} Bxg3 {[%emt 0:00:15]} 31. Qd3 {[%emt 0:05:29]}
Bb8+ {[%emt 0:02:55]} 32. Kf1 {[%emt 0:00:20]} Qh3+ {[%emt 0:00:52]} 33. Ke2 {
[%emt 0:00:29]} Qg4+ {[%emt 0:00:33]} 34. Ke1 {[%emt 0:00:40]} Qg1+ {[%emt 0:
02:16]} 35. Qf1 {[%emt 0:01:16]} Qg6 {[%emt 0:00:06]} 36. a6 {[%emt 0:00:56]}
f4 {[%emt 0:00:08]} 37. Kd2 {[%emt 0:00:49]} fxe3+ {[%emt 0:01:49]} 38. fxe3 {
[%emt 0:00:24]} Qe8 {[%emt 0:00:49]} 39. Ba5 {[%emt 0:00:37]} Qc8 {[%emt 0:00:
41]} 40. Bb6 {[%emt 0:00:46]} Bc7 {[%emt 0:00:13]} 41. Qd3+ {[%emt 0:01:43]}
Kh6 {[%emt 0:01:26]} 42. a7 {[%emt 0:00:57]} 1-0